¿Cómo ser Iglesia misionera en un mundo globalizado? (Record no. 745299)
[ view plain ]
| 000 -CABECERA | |
|---|---|
| Campo de control de longitud fija | 00462nab a2200145Ia 4500 |
| 003 - IDENTIFICADOR DEL NÚMERO DE CONTROL | |
| Campo de control | ES-SlBCS |
| 005 - FECHA Y HORA DE LA ÚLTIMA TRANSACCIÓN | |
| Campo de control | 20210601150715.0 |
| 008 - CÓDIGOS DE INFORMACIÓN DE LONGITUD FIJA | |
| Campo de control de longitud fija | 140529s2008 xxu||||| |||| 00| 0 spa d |
| 041 ## - CÓDIGO DE LENGUA | |
| Código de lengua del texto/banda sonora o título independiente | spa |
| 100 1# - PUNTO DE ACCESO PRINCIPAL-NOMBRE DE PERSONA | |
| Nombre de persona | Centeno, Jesús Antonio |
| 9 (RLIN) | 326164 |
| 245 00 - MENCIÓN DE TÍTULO | |
| Título | ¿Cómo ser Iglesia misionera en un mundo globalizado? |
| Mención de responsabilidad, etc. | Jesús Antonio Centeno |
| 650 #4 - PUNTO DE ACCESO ADICIONAL DE MATERIA-TÉRMINO DE MATERIA | |
| Término de materia o nombre geográfico como elemento inicial | Iglesia Misionera |
| 9 (RLIN) | 188268 |
| 773 0# - ENLACE AL DOCUMENTO FUENTE | |
| Título | Vida Religiosa |
| Parte(s) relacionada(s) | vol. 105, nº. 7, 2008, págs. 39-41 |
| Número de control del registro relacionado | Rev493 |
| 942 ## - ENTRADA DE ELEMENTOS AGREGADOS (KOHA) | |
| Koha [por defecto] tipo de item | Artículos de revista |
| Suprimido | Perdido | Estropeado | No para préstamo | Localización permanente | Localización actual | Localización en estantería | Fecha adquisición | Préstamos totales | Fecha última consulta | Fecha del precio de reemplazo | Tipo de item de Koha |
|---|---|---|---|---|---|---|---|---|---|---|---|
| San Esteban | San Esteban | Depósito de revistas | 11/07/2014 | 11/07/2014 | 11/07/2014 | Artículos de revista |
